| 000 | 00650nam a22001697a 4500 | ||
|---|---|---|---|
| 082 | _a621.3 | ||
| 100 | _aAhmed, Nouman ; Raza, Syed Feroz ; Shujaat, Syed Saim | ||
| 245 |
_aDehydration Identification & Vitality Evaluation (DIVE) / _cNouman Ahmed ; Syed Feroz Raza ; Syed Saim Shujaat |
||
| 260 |
_aIslamabad : _bSEECS - NUST, _c2018. |
||
| 300 |
_a58 p. ; _c30cm. |
||
| 563 | _aa | ||
| 650 |
_aElectrical(Electronics) Engineering-Project Report _993435 |
||
| 700 |
_aDr. Awais Mehmood Kamboh _919312 |
||
| 856 | _uhttp://10.250.8.41:8080/xmlui/handle/123456789/18554 | ||
| 942 |
_2ddc _cTHE |
||
| 999 |
_c537881 _d537881 |
||